000 00708nam a2200289Ia 4500
005 20260324133050.0
008 008 260324s9999 xx 000 0 eng d
020 _a9781351156608
037 _aEBOOK
040 _aCRL
040 _beng
040 _cCRL
041 _2eng
041 _aeng
084 _qCRL
100 _aManouche Tavakoli
_91191664
245 0 _aHealth Care Policy, Performance and Finance
245 0 _bStrategic Issues in Health Care Management
260 _bTaylor and Francis
260 _c2004
365 _a
365 _b230
856 _uhttp://www.taylorfrancis.com/books/9781351156608
942 _cEBOOK
999 _c1790369
_d1790369